Pakistan journal of weed science research a journal of Pakistan Weed Science Society.

Bibliographic Details
Corporate Author: Pakistan Weed Science Society
Format: Electronic Serial
Language:English
Published: Islamabad, Pakistan : Pakistan Weed Science Society, 1988-
Subjects:
Online Access:Full text available from Research Library: 12/01/2009 to present

MARC

LEADER 00000nas a2200000 a 4500
001 ssj0000465197
003 WaSeSS
005 20200512172242.0
006 m d
007 cr n
008 921101u1988uuuupk qx s 0 0eng c
010 |a sn 94020327  
016 7 |a 989637956  |2 DE-101 
016 7 |a 2438439-2  |2 DE-600 
016 7 |a 005504285  |2 Uk 
022 |l 1815-1094  |y 1815-1094 
035 |a (WaSeSS)ssj0000465197 
040 |a CUY  |b eng  |c CUY  |d DLC  |d OCLCQ  |d GWDNB  |d UKMGB  |d DLC  |d OCLCQ  |d OCLCF  |d OCLCO  |d LIP  |d CUS  |d WaSeSS 
042 |a pcc 
050 4 |a SB610  |b .P35 
210 0 |a Pak. j. weed sci. res. 
222 0 |a Pakistan journal of weed science research 
245 0 0 |a Pakistan journal of weed science research  |h [electronic resource] :  |b a journal of Pakistan Weed Science Society. 
246 3 0 |a Weed science research 
260 |a Islamabad, Pakistan :  |b Pakistan Weed Science Society,  |c 1988- 
310 |a Quarterly 
362 0 |a Vol. 1, no. 1 (1988)- 
500 |a Title from cover. 
506 |a License restrictions may limit access. 
650 0 |a Weeds  |v Periodicals. 
650 7 |a Weeds.  |2 fast  |0 (OCoLC)fst01173358 
655 0 |a Electronic journals. 
710 2 |a Pakistan Weed Science Society. 
850 |a NI 
856 4 0 |z Full text available from Research Library: 12/01/2009 to present  |u https://search.proquest.com/publication/616536